Loading...
| Current Events | 1 | 10.00 | 100% | 0% | 0% |
| Fine Arts - Classical Music | 4 | 15.00 | 75% | 50% | 25% |
| Fine Arts - Other | 6 | 20.00 | 100% | 50% | 50% |
| Fine Arts - Painting and Sculpture | 4 | 15.00 | 100% | 50% | 0% |
| Geography | 2 | 10.00 | 100% | 0% | 0% |
| History - American | 7 | 21.43 | 100% | 86% | 29% |
| History - European | 6 | 21.67 | 100% | 83% | 33% |
| History - Other | 5 | 20.00 | 100% | 100% | 0% |
| History - World | 6 | 16.67 | 100% | 67% | 0% |
| Literature - American | 9 | 26.67 | 100% | 100% | 67% |
| Literature - British | 2 | 25.00 | 100% | 100% | 50% |
| Literature - European | 3 | 13.33 | 100% | 33% | 0% |
| Literature - World | 4 | 20.00 | 100% | 75% | 25% |
| Mythology | 4 | 12.50 | 75% | 50% | 0% |
| Other Academic | 3 | 20.00 | 100% | 100% | 0% |
| Philosophy | 3 | 16.67 | 100% | 67% | 0% |
| Pop Culture | 3 | 16.67 | 100% | 67% | 0% |
| Religion | 6 | 13.33 | 67% | 17% | 50% |
| Science - Biology | 8 | 18.75 | 100% | 63% | 25% |
| Science - Chemistry | 6 | 16.67 | 100% | 67% | 0% |
| Science - Other | 6 | 13.33 | 83% | 33% | 17% |
| Science - Physics | 6 | 13.33 | 100% | 33% | 0% |
| Social Science | 8 | 16.25 | 100% | 38% | 25% |